|
|
|
|
| LEADER |
00000nab a2200000 a 4500 |
| 001 |
vtls010086208 |
| 003 |
SK-MaSNL |
| 005 |
20260304021859.0 |
| 008 |
171108 2010 xo r r 000 0 slo |
| 038 |
|
|
|a KEVKJB
|
| 040 |
|
|
|a KEVKJB
|b slo
|c KEVKJB
|e AACR2
|
| 041 |
0 |
|
|a slo
|
| 044 |
|
|
|a xo
|c SK
|
| 080 |
|
|
|a 792.54
|2 2001
|
| 100 |
1 |
|
|a Bejda, Róbert
|4 aut
|9 760251
|
| 245 |
1 |
0 |
|a Escamillo pochválil akustiku aj súhru s orchestrom i kolegami
|b tridsiatu reprízu Carmen v ŠD Košice ozdobili vynikajúci hostia
|c Róbert Bejda
|
| 300 |
|
|
|b Obr.
|
| 600 |
1 |
7 |
|a Bizet, Georges,
|d 1838-1875
|t Carmen
|2 SNK
|9 117389
|
| 600 |
1 |
7 |
|a Babjak, Martin,
|d 1960-
|2 SNKMA
|9 9781
|
| 600 |
1 |
7 |
|a Bregantin, Michela
|2 SNK
|9 1260043
|
| 610 |
2 |
7 |
|a Štátne divadlo Košice
|2 SNKKA
|9 120184
|
| 650 |
0 |
7 |
|a divadlo
|2 SNKPH
|9 3335
|
| 651 |
|
7 |
|a Košice (Slovensko)
|2 SNKPHgeo
|9 18694
|
| 773 |
0 |
|
|t Košický večer
|g Roč. 21(42), č. 15 (16.4.2010), s. 4
|x 1336-5320
|
| 852 |
|
|
|a KEVKJB
|b KIS3GCP
|
| 999 |
|
|
|c 2608313
|d 2610243
|